=LDR 00000nam 2200000 4500 =001 INLIS000000000023582 =005 20130612122231 =008 ***********************************Ind** =035 ##$$0010-061300000023582 =041 ##$$a Ind =082 ##$$a 650 =090 ##$$a 650, Mad p =100 ##$$a Madura, Jeff =245 ##$$a Perencanaan bisnis, Jeff Madura =260 ##$$a 2001 $b Jakarta =300 ##$$a 57 hlm, 26 cm =650 ##$$a Bisnis =850 ##$$a NBPNMAT